[Event "RUS-ch Women Rapid 2019"]
[Site "Sochi"]
[Date "2019.10.16"]
[Round "7.2"]
[White "Sukhareva, Evgeniya"]
[Black "Bodnaruk, Anastasia"]
[Result "0-1"]
[WhiteElo "2122"]
[BlackElo "2449"]
[Annotator "TA"]
[PlyCount "56"]
[EventDate "2019.10.15"]
[EventType "swiss"]
[EventCountry "RUS"]
[SourceTitle "playchess.com"]
[Source "ChessBase"]
[SourceQuality "1"]

{[%evp 12,56,37,-5,0,0,9,0,0,0,23,-11,37,0,0,0,0,-59,33,-21,24,-42,-31,-73,-68,-282,-271,-295,-294,-437,-436,-506,-539,-786,-739,-637,-529,-516,-520,-874,-821,-2099,-1839,-29991,-29992,-29992,-29993]} 1. d4 Nf6 2. c4 g6 3. Nc3 Bg7 4. e4 d6 5. Bg5 O-O 6. f3 a6 7. a4 Nc6 {E81: King's Indian: Sämisch: 6th move deviations (including 6 Be3 c6)} (7... c6 8. Be3 a5 9. Bd3 e5 10. d5 Na6 11. Rc1 Nd7 12. Nge2 Qh4+ 13. Bf2 Qg5 14. h4 Qe7 15. Qd2 {½-½ (67) Vernay,C (2513)-Istratescu,A (2589) Brest 2018}) 8. Nge2 a5 9. g4 $146 ({Predecessor:} 9. d5 Nb4 10. Nc1 c6 11. Be2 Qb6 12. Bh4 e5 13. Bf2 c5 14. g4 Ne8 15. Be3 {½-½ (41) Collett,P (2000)-Livner,A (2208) Stockholm 2002}) 9... e5 {The position is equal.} 10. d5 Nd4 11. Bg2 (11. Nxd4 {is more complex.} exd4 12. Qxd4 h6 13. Bxf6 Bxf6 14. Qd3) 11... c5 12. Ng3 h6 $36 {[%mdl 2048] Black fights for an advantage.} 13. Be3 Ne8 14. h4 (14. O-O $11) 14... f5 (14... h5 $1 $15) 15. gxf5 (15. exf5 $14 gxf5 16. Nh5) 15... gxf5 16. Nh5 (16. exf5 $11 Bxf5 17. Nxf5 Nxf5 18. Qd3) 16... Nf6 $15 17. Nxg7 Kxg7 18. Bxd4 $2 {[#]} ({Better is} 18. Ra3 $15) 18... cxd4 $19 ({Don't play} 18... exd4 19. e5 $19) 19. Ne2 fxe4 20. fxe4 (20. Ra3 {keeps fighting.}) 20... Ng4 {aiming for ...Ne3.} 21. Qd3 Ne3 22. Kd2 {White hopes to continue with Nxd4.} Qb6 23. b3 Qb4+ 24. Kc1 {intending Nxd4.} Kh7 25. Rg1 (25. Nxd4 $142 exd4 26. Ra2) 25... Rf2 26. Bh1 Bg4 {[%mdl 64] Overworked Piece} 27. Rxg4 {[#]} Qe1+ $1 {[%mdl 576] Double Attack} 28. Kb2 Rxe2+ {Accuracy: White =  8%, Black = 60%.} 0-1

[Event "RUS-ch Women Rapid 2019"]
[Site "Sochi"]
[Date "2019.10.16"]
[Round "7.3"]
[White "Bykova, Anastasia"]
[Black "Ambartsumova, Karina"]
[Result "0-1"]
[WhiteElo "2247"]
[BlackElo "2336"]
[Annotator "TA"]
[PlyCount "127"]
[EventDate "2019.10.15"]
[EventType "swiss"]
[EventCountry "RUS"]
[SourceTitle "playchess.com"]
[Source "ChessBase"]
[SourceQuality "1"]

{[%evp 23,127,0,28,30,39,4,27,0,-3,0,0,0,11,4,49,11,49,55,54,14,56,43,56,0,0,0,0,-20,37,22,29,29,40,48,53,53,56,58,62,-33,-34,-33,-33,-18,18,10,114,2,6,9,19,-56,-60,-93,-80,-57,-15,-238,-266,-196,-288,-253,-150,-260,-228,-166,0,-3,0,-46,-37,-21,0,-12836,-12836,-12837,-12837,-12840,-12841,-12842,-12842,-12843,-12843,-12845,-12843,-12848,-12848,-12849,-12847,-12848,-12847,-12848,-12848,-12848,-12849,-12849,-12847,-12847,-12847,-27998,-27998,-27999,-27999,-27998,-27999,-27998]} 1. d4 Nf6 2. g3 g6 3. Bg2 Bg7 4. e4 d6 5. Nc3 O-O 6. Nge2 e5 7. O-O Nbd7 8. h3 Re8 9. Be3 c6 10. Qd2 b5 11. a3 a6 12. Rad1 Bb7 13. dxe5 {B07: Pirc Defence: Miscellaneous Systems} dxe5 14. Nc1 $146 (14. g4 $5 {[%cal Rg4g5]} Nf8 15. g5 Qxd2 16. Rxd2 $11 (16. Bxd2 Nh5 $11)) ({Predecessor:} 14. g4 Nf8 15. Ng3 Qxd2 16. Rxd2 h6 17. Nce2 Ne6 18. Nc1 Bf8 19. Nd3 Nd7 20. Ne2 a5 {0-1 (40) Cobic,V (2327)-Vratonjic,S (2463) Vrnjacka Banja 2006}) 14... Qc7 15. Qd6 {White has an edge.} Qxd6 16. Rxd6 Bf8 17. Rd2 c5 18. Nb3 Rac8 19. Rfd1 Nb6 20. Na5 Ba8 21. f3 (21. Kh2 {looks sharper.} Be7 22. f3 Kg7 23. Bf2 Nh5 24. a4) 21... b4 22. axb4 cxb4 23. Bxb6 (23. Na2 $14 Nc4 24. Nxc4 Rxc4 25. Bf1) 23... bxc3 $11 24. bxc3 Rxc3 25. Rd8 Rc8 (25... Bc6 $11) 26. Rxe8 Nxe8 27. Bf1 Nd6 28. c4 ({Of course not} 28. Bxa6 Rxc2 29. Bd3 Rc3 $15) 28... Kg7 29. Kg2 $36 {[%mdl 2048] White is more active.} Be7 30. c5 Nb5 31. Rd7 (31. Rc1 $14) 31... Bxc5 $15 32. Bxc5 Rxc5 33. Bc4 Na3 34. Bxf7 Kf6 {[#]} (34... Bxe4 $11 {remains equal.} 35. fxe4 Rxa5) 35. Nb7 (35. Bb3 $1 $16 Rxa5 36. Rf7+ Kg5 37. h4+ Kh6 38. g4) 35... Rc2+ $11 36. Kf1 Nb5 {And now ...Rc7 would win.} 37. Bd5 (37. Bg8 $11 Rc7 38. Rxc7 Nxc7 39. Na5) 37... Rc7 $1 $15 {[%cal Rc7d7]} 38. Rxc7 Nxc7 {[%mdl 4096] Endgame KBN-KBN} 39. Bc6 Ne6 (39... Bxb7 $5 40. Bxb7 a5 $15) 40. Kf2 $2 (40. Na5 $11 {and White stays safe.} Bxc6 41. Nxc6) 40... Nd4 $19 41. Bd5 Bxb7 $1 42. Bxb7 {KB-KN} a5 {[%cal Ba6a5,Ba5a4][%mdl 32]} 43. Bd5 a4 44. Ke3 Nc2+ $2 (44... Nb5 $19 {White must now prevent ...Nc3.} 45. Bg8 a3) 45. Kd2 $1 $11 {[%cal Rd2c2]} Nd4 46. f4 g5 47. f5 h5 {Threatens to win with ...h4.} 48. Kd3 $2 {[%mdl 8192]} (48. Bc4 $11) 48... h4 $19 49. gxh4 gxh4 50. Bc4 {[#]} Nf3 $1 {[%cal Rf3g1]} 51. Kc3 Ng5 $1 {[%csl LRe4,LRh3][%mdl 64] Double Attack} 52. Bf1 Nxe4+ 53. Kb4 Kxf5 54. Kxa4 Kf4 55. Kb4 Ng3 56. Bg2 Ke3 57. Kc4 Kf2 58. Bd5 e4 59. Kd4 e3 60. Bc4 e2 61. Bxe2 Nxe2+ {Black mates.} 62. Ke4 Kg3 {( -> ...Nf4)} 63. Ke3 Nf4 64. Kd4 {Accuracy: White = 33%, Black = 45%.} 0-1

[Event "RUS-ch Women Rapid 2019"]
[Site "Sochi"]
[Date "2019.10.16"]
[Round "7.4"]
[White "Charochkina, Daria"]
[Black "Shafigullina, Zarina"]
[Result "1-0"]
[WhiteElo "2289"]
[BlackElo "2295"]
[Annotator "TA"]
[PlyCount "85"]
[EventDate "2019.10.15"]
[EventType "swiss"]
[EventCountry "RUS"]
[SourceTitle "playchess.com"]
[Source "ChessBase"]
[SourceQuality "1"]

{[%evp 9,85,0,19,-2,2,-9,-12,-12,0,-39,3,12,0,18,54,55,96,93,112,105,104,104,97,48,56,0,58,66,75,0,50,53,41,58,16,57,163,162,172,170,172,161,222,234,259,245,374,306,391,348,335,351,344,341,343,336,420,420,418,405,397,356,474,477,647,616,591,565,1071,1068,998,989,1021,873,29973,5147,29998,29999]} 1. d4 Nf6 2. Bg5 e6 3. Nd2 d5 4. e3 Nbd7 {[%cal Bb8d7,Bd7e5,Be5g4][%mdl 32]} 5. c3 (5. Bd3 Be7 6. c3 e5 7. Ne2 O-O 8. O-O c6 9. Bf5 Re8 10. Rc1 h6 11. Bh4 e4 12. c4 Nb6 13. Bxc8 Rxc8 {1-0 (75) Martirosyan,H (2607)-Nihal,S (2578) chess.com INT 2019}) 5... c6 6. Bd3 {D00: 1 d4 d5: Unusual lines} e5 7. dxe5 Nxe5 8. Bc2 $146 {The position is equal.} ({Predecessor:} 8. Be2 Be7 9. Ngf3 Ng6 10. Bxf6 Bxf6 11. O-O O-O 12. Qc2 Ne5 13. Nxe5 Bxe5 14. Nf3 Qe7 15. Rad1 g6 {½-½ (15) Rotter,S (1746)-Achatz,M (1845) Schney 2005}) 8... Bg4 9. f3 Be6 10. Qe2 Qb6 11. O-O-O Bc5 12. f4 Neg4 13. f5 Bd7 {[#]} 14. h3 $1 {[%cal Rh3g4]} Ne5 ({Avoid the trap} 14... Nxe3 $2 15. b4 $18) 15. Ngf3 Nxf3 16. gxf3 O-O-O 17. Nb3 ({White should try} 17. e4 $14) 17... Bd6 (17... h6 $11 18. Bf4 Nh5) 18. e4 $14 Rde8 19. Be3 ({Better is} 19. Qd2 $16) 19... c5 20. Qf2 {Threatens to win with Rhg1.} dxe4 21. Nxc5 Bxc5 22. Bxc5 e3 (22... Qa5 $14) 23. Bxb6 $18 exf2 24. Bxf2 Bc6 25. Rhg1 (25. Bxa7 $6 Bxf3 26. Rhg1 Bxd1 $16) 25... Nh5 (25... Bxf3 {is a better defense.} 26. Rdf1 (26. Rxg7 Bxd1 27. Bxd1 Re7 $16) 26... Rhg8 27. Bxa7 Be4) 26. Bxa7 Bxf3 27. Rd4 g6 (27... Re7 {might work better.} 28. f6 Nxf6 29. Bf5+ (29. Rxg7 Re1+ 30. Kd2 Re2+ 31. Kd3 Rh2 $18) 29... Kc7) 28. Rc4+ Bc6 29. b4 b5 30. Rxc6+ Kb7 31. Rb6+ ({Don't take} 31. fxg6 fxg6 32. Rc5 Kxa7 $18) 31... Kxa7 32. Rxb5 Nf4 {And now ...Ne2+ would win.} 33. Rf1 g5 34. f6 h6 {[#]} 35. h4 $1 Ne2+ (35... gxh4 36. Rxf4) 36. Kb2 gxh4 37. Ra5+ Kb6 38. Rff5 Ng3 39. Rfb5+ Kc7 40. Ra7+ Kd6 41. Bb3 {White wants to mate with Rd5+.} Rb8 42. Rd5+ (42. Ra6+ $142 Kc7 43. Ra7+ Kd6 44. Rd5+ Kc6 45. Rda5 Kd6 46. Rd5+ Kc6 47. Rxf7) 42... Ke6 43. Ra6+ {Accuracy: White = 76%, Black = 31%.} 1-0

[Event "RUS-ch Women Rapid 2019"]
[Site "Sochi"]
[Date "2019.10.16"]
[Round "7.5"]
[White "Bivol, Alina"]
[Black "Goltseva, Ekaterina"]
[Result "0-1"]
[WhiteElo "2283"]
[BlackElo "2317"]
[Annotator "TA"]
[PlyCount "92"]
[EventDate "2019.10.15"]
[EventType "swiss"]
[EventCountry "RUS"]
[SourceTitle "playchess.com"]
[Source "ChessBase"]
[SourceQuality "1"]

{[%evp 19,91,-16,4,0,-3,0,14,-50,-54,-81,-47,-104,-103,-111,-62,-144,-133,-133,-120,-157,-151,-206,-205,-207,-200,-247,-188,-285,-285,-265,-237,-199,-150,-166,-157,-166,-164,-165,-151,-159,-147,-160,-151,-180,-132,-188,-156,-199,-202,-201,-212,-265,-261,-274,-243,-567,-555,-540,-539,-518,-505,-1061,-877,-841,-757,-975,-970,-957,-925,-461,-883,-29998,-29999,-29999]} 1. c4 c5 2. g3 Nf6 3. Bg2 d5 4. cxd5 Nxd5 5. Nc3 Nc7 6. Nf3 Nc6 7. O-O e5 8. b3 Be7 9. Bb2 O-O 10. Rc1 f6 11. e3 {A34: Symmetrical English: 2 Nc3, lines with ...d5} (11. Ne1 Bd7 12. Nd3 Rc8 13. f4 exf4 14. Nxf4 Be8 15. e3 Bf7 16. Qe2 Re8 17. Ne4 Nb4 18. a3 Nba6 19. Nh5 {1-0 (28) Aronian,L (2815)-Svidler,P (2753) Flor & Fjaere 2014}) 11... Bg4 12. h3 $1 {[%cal Rh3g4]} Bf5 $146 ({Predecessor:} 12... Bh5 13. g4 Bf7 14. Qe2 Qd7 15. Rfd1 Rac8 16. Ne4 b6 17. d4 exd4 18. exd4 cxd4 19. Rxc6 Qxc6 20. Nxd4 {½-½ (32) Hickl,J (2608)-Sokolov,A (2593) Switzerland 2006}) 13. Ne1 (13. d4 $11) 13... Qd7 $15 14. g4 Be6 15. f4 (15. d4 $15 cxd4 16. Bxc6 bxc6 17. exd4) 15... exf4 $17 16. exf4 Rad8 17. Nf3 ({White should play} 17. f5 $15 Bf7 18. Ne4) 17... Nd5 18. Nxd5 Bxd5 19. Rf2 Nb4 {Threatens to win with ...Nd3.} 20. Ne1 (20. Rc3 $17) 20... Nxa2 $19 21. Ra1 Nb4 22. Bc3 Nc6 23. Nf3 (23. Bxd5+ $142 Qxd5 24. Ng2) 23... b5 24. Nh4 c4 25. bxc4 bxc4 26. Bxd5+ Qxd5 27. Kh2 Bc5 28. Rg2 Bd6 29. Qf1 g5 30. Nf5 Bxf4+ 31. Kh1 Qd3 32. Re2 (32. h4 $17 {was called for.}) 32... Rd7 33. Qg2 Ne5 34. Rf1 Rb8 35. Ref2 {[#]} Rb1 $1 36. Qa8+ Rd8 37. Qxd8+ $2 (37. Qg2) 37... Qxd8 38. Rxb1 {If White can now play Kg1 this consolidates a bit.} Qd5+ 39. Rg2 {And now Ne7+ would win.} Qf3 40. Rb8+ (40. Kg1 $142 h5 41. Ne7+ Kf7 42. Bxe5 Bxe5 43. Nf5) 40... Kf7 41. Rb7+ {[#]} Ke8 $1 42. Ng7+ {[#]} Kd8 $1 43. Ne6+ {[#]} Kc8 $1 44. Rc7+ Kb8 {( -> ...Qf1+)} 45. Bxe5 Qf1+ 46. Rg1 Qxh3# {Accuracy: White = 30%, Black = 69%.} 0-1

[Event "RUS-ch Women Rapid 2019"]
[Site "Sochi"]
[Date "2019.10.16"]
[Round "7.6"]
[White "Lysenko, Margarita"]
[Black "Karavaeva, Olga"]
[Result "1-0"]
[WhiteElo "2243"]
[BlackElo "2260"]
[Annotator "TA"]
[PlyCount "49"]
[EventDate "2019.10.15"]
[EventType "swiss"]
[EventCountry "RUS"]
[SourceTitle "playchess.com"]
[Source "ChessBase"]
[SourceQuality "1"]

{[%evp 9,49,-8,0,0,11,21,21,22,43,36,30,29,25,26,27,33,55,33,25,24,90,102,103,97,109,118,137,137,212,212,202,213,527,517,629,623,606,587,579,495,568,212]} 1. d4 d5 2. c4 e6 3. Nc3 c6 4. cxd5 exd5 5. Qc2 g6 6. e4 {D31: Queen's Gambit Declined: Semi-Slav without ...Nf6 (+ Marshall Gambit and Noteboom) and Exchange Variation lines without ...Nf6} (6. Bf4 Bd6 7. Bxd6 Qxd6 8. e3 Ne7 9. Nge2 Nd7 10. Ng3 Nf6 11. Bd3 h5 12. f3 Be6 13. O-O O-O 14. Qf2 {½-½ (42) Kazhgaleyev,M (2618)-Negi,P (2618) Dubai 2011}) 6... dxe4 7. Qxe4+ Qe7 8. Bc4 {The position is equal.} Bf5 9. Qxe7+ (9. Qe3 {seems wilder.} a5 10. Nf3 b5 11. Be2 Nf6 12. O-O) 9... Nxe7 10. Nf3 Bg7 11. O-O b5 $146 ({Predecessor:} 11... O-O 12. Re1 Nc8 13. Bf4 Nd7 14. Rad1 Bg4 {½-½ (14) Corral Blanco,J (2440)-Narciso Dublan,M (2460) Salamanca 1998}) 12. Bb3 {Black must now prevent Re1.} b4 13. Nd1 {And now Re1 would win.} O-O 14. Bg5 Nc8 (14... Nd5 $11 {keeps the balance.}) 15. Ne3 $36 {[%mdl 2048] White is in control.} Bd3 16. Rfe1 {Threatens to win with Ng4.} Nd7 17. Rac1 Bb5 18. Ng4 a5 (18... Kh8 $16 {might work better.} 19. Nge5 Nxe5 20. dxe5 (20. Nxe5 f6 $15) 20... a5) 19. Nh6+ $18 Bxh6 20. Bxh6 Rd8 $2 {[#]} (20... Ncb6 {is a better chance.} 21. Bxf8 Kxf8) 21. Ng5 $1 {[%cal Rg5f7] White is clearly winning.} Nd6 22. Re7 {[%cal Rg5f7]} Nf6 23. Nxf7 Nxf7 24. Bxf7+ ({Less strong is} 24. Rxf7 Nd5 $18) 24... Kh8 25. Rce1 $2 {Accuracy: White = 89%, Black = 46%.} (25. Bf4 Rd5 26. Bxd5 Nxd5 27. Be5+ Kg8 28. Rg7+ Kf8 29. Rxh7) 1-0

[Event "RUS-ch Women Rapid 2019"]
[Site "Sochi"]
[Date "2019.10.16"]
[Round "7.7"]
[White "Ovod, Evgenija"]
[Black "Utiatskaja, Irina"]
[Result "1-0"]
[WhiteElo "2347"]
[BlackElo "2172"]
[Annotator "TA"]
[PlyCount "73"]
[EventDate "2019.10.15"]
[EventType "swiss"]
[EventCountry "RUS"]
[SourceTitle "playchess.com"]
[Source "ChessBase"]
[SourceQuality "1"]

{[%evp 18,105,16,-2,0,2,0,-31,-34,-38,-32,-22,-24,-43,0,-4,31,74,109,77,183,173,217,191,454,443,437,429,393,399,509,499,443,437,660,648,1188,1188,1188,1188,1188,1181,1179,1173,1129,1030,899,899,1129,1067,1366,820,806,788,1073,893,6109,6107,4132,597,597,589,589,589,575,575,568,558,540,537,1035,537,6111,558,1502,558,557,532,964,928,6111,6109,6102,6095,5297,0,5085,5057,29991,29992]} 1. e4 c5 2. c3 Nf6 3. e5 Nd5 4. Nf3 Nc6 5. Bc4 Nb6 6. Bb3 g6 7. d4 cxd4 8. cxd4 Bg7 9. O-O O-O 10. Nc3 d6 {[%cal Rd6e5] B22: Sicilian: 2 c3} 11. exd6 (11. Bf4 Bg4 12. Re1 Bxf3 13. gxf3 e6 14. Nb5 dxe5 15. dxe5 Nd7 16. Nd6 Ndxe5 {0-1 (36) Lugovskoy,M (2474)-Fedoseev,V (2731) Sochi 2017}) 11... Qxd6 12. Ne4 Qd8 {Black is slightly better.} 13. h3 Nxd4 14. Nxd4 Qxd4 15. Qf3 $146 ({Predecessor:} 15. Qxd4 Bxd4 16. Rd1 Bg7 17. Nc5 h6 18. a4 a5 19. Be3 Bf5 20. g4 Be6 21. Nxe6 fxe6 22. Bxb6 {1-0 (22) Eastlake,P-Burrus,M (1611) ICCF email 2016}) 15... Qe5 16. Bf4 Qf5 ({Don't blunder} 16... Qxb2 $2 17. Rab1 $18) 17. g4 {[%mdl 1024] White has compensation.} Qb5 18. a4 Qe8 (18... Qa5 $16) 19. a5 $36 {[%mdl 2048] Black is under strong pressure.} Nd7 20. Rfd1 $1 Ne5 $2 {[#]} (20... Kh8 {was called for.}) 21. Bxe5 $1 Bxe5 {[#]} 22. Ba4 $1 {[%cal Ra4e8]} Bxg4 23. hxg4 Qc8 24. Rac1 Qb8 25. Nc5 Rc8 (25... Qc7 $142 26. a6 b5) 26. Bb3 e6 {[#]} 27. Nxe6 $1 {[%mdl 512] Threatening mate with Rxc8+.} Rxc1 (27... fxe6 28. Bxe6+) 28. Rxc1 fxe6 29. Bxe6+ Kh8 30. Rc8+ Qxc8 31. Bxc8 Rxc8 32. Qxb7 {[%mdl 4096] Endgame KQ-KRB} Rc1+ 33. Kg2 Rc7 34. Qb8+ Kg7 35. b4 {[%cal Bb2b4,Bb4b5,Bb5b6][%mdl 32]} g5 36. b5 Bf4 {[#]} 37. Qd8 {Played: b5-b6} 1-0

[Event "RUS-ch Women Rapid 2019"]
[Site "Sochi"]
[Date "2019.10.16"]
[Round "7.8"]
[White "Styazhkina, Anna"]
[Black "Maltsevskaya, Aleksandra"]
[Result "1-0"]
[WhiteElo "2280"]
[BlackElo "2304"]
[Annotator "TA"]
[PlyCount "121"]
[EventDate "2019.10.15"]
[EventType "swiss"]
[EventCountry "RUS"]
[SourceTitle "playchess.com"]
[Source "ChessBase"]
[SourceQuality "1"]

{[%evp 9,131,15,27,16,39,33,18,0,21,-7,0,-9,15,18,33,0,0,8,-5,-2,3,-21,-15,-37,0,-7,-37,-77,-78,-79,-79,-63,-73,-108,-84,-187,-147,-164,-75,-54,-49,-34,0,-51,-36,-30,0,0,0,0,0,0,0,0,21,0,80,78,157,154,145,106,313,297,537,484,12840,12837,3441,29937,8005,12839,12561,12794,29948,29943,6191,7196,29966,29956,29972,29973,29976,29975,29975,29976,29976,29977,29977,29978,29978,29979,29979,29980,29983,29981,29984,29985,29985,29986,29986,29987,29987,29988,29988,29989,29989,29990,29990,29991,29992,29992,29992,29993,29993,29994,29995,29996,29996,29996,29997,29998,29998,29999]} 1. e4 c5 2. Nf3 e6 3. c4 Nc6 4. Nc3 b6 5. Be2 Bb7 6. O-O {B40: Sicilian: 2...e6, Unusual lines} g5 $146 ({Predecessor:} 6... Nd4 7. Nxd4 cxd4 8. Nb5 Bxe4 9. d3 Bc6 10. Nxd4 Bc5 11. Nc2 Nf6 12. Bf3 Be7 {½-½ (39) Olsarova,K (2278)-Michalik,P (2584) Czechia 2014}) 7. d3 g4 8. Ne1 {The position is equal.} h5 9. f3 Bd6 10. f4 $1 Nd4 11. Nc2 Ne7 12. Be3 Nec6 13. Nb5 Nxb5 $1 14. cxb5 Ne7 15. e5 Bc7 16. d4 Nf5 17. dxc5 (17. b4 {with more complications.} cxd4 18. Bxd4 Rc8 19. Ne3 Nxe3 20. Bxe3 d6 21. Rc1) 17... bxc5 18. Bd3 {Hoping for Bxf5.} Nxe3 19. Nxe3 d5 20. exd6 Qxd6 {White must now prevent ...Qd4.} 21. Bc4 O-O-O {aiming for ...Qd4.} 22. Qe2 (22. Qxd6 $17 Rxd6 23. f5) 22... Qd2 23. Rae1 {[#]} Qxe2 (23... Qd4 $1 $19 {is more deadly.} 24. Rd1 Qf6) 24. Rxe2 $17 Rd4 25. f5 Re4 26. fxe6 (26. Bd3 $11) 26... fxe6 $15 27. Bd3 Re5 (27... Rd4 $5 {[%cal Rd4d3]} 28. Bc4 Re4 $11) 28. Nc4 Rxe2 29. Bxe2 Bd5 30. b3 Rg8 31. Rf7 h4 32. a4 h3 {[#]} (32... g3 $11 {remains equal.} 33. h3 Rd8) 33. g3 $1 $16 Rh8 ({Black should play} 33... Kb8) 34. Bxg4 Bxg3 35. Rxa7 {Strongly threatening Bxe6+!} Bb8 $2 (35... Bh4 $16) 36. Rg7 $18 Bxc4 $2 (36... Kd8 {might work better.} 37. a5 Ke8) 37. bxc4 {[%mdl 4096] Endgame KRB-KRB} Be5 (37... Re8 $142 38. Bxh3 Be5) 38. Bxe6+ Kb8 39. Rg8+ Rxg8+ 40. Bxg8 {KB-KB} Bd4+ 41. Kh1 Bc3 42. Be6 Kc7 43. Bxh3 Kb6 44. Be6 {White mates.} Ka5 45. h4 Kxa4 46. h5 Ka5 47. Kg2 Kb6 48. Kf3 Kc7 49. Kf4 Kd6 50. Kf5 Bd2 51. Bd5 Be3 52. Kg6 Ke7 53. h6 Bd4 54. h7 Bc3 55. b6 Kd7 56. Kf7 Kd6 57. Kg8 Kd7 58. h8=Q Bxh8 59. Kxh8 {KB-KP} Kd6 60. Kg7 Kd7 61. Kf7 {Played: Kg7-f6} 1-0

[Event "RUS-ch Women Rapid 2019"]
[Site "Sochi"]
[Date "2019.10.16"]
[Round "7.9"]
[White "Chekmareva, Liya"]
[Black "Guseva, Marina"]
[Result "0-1"]
[WhiteElo "2023"]
[BlackElo "2335"]
[Annotator "TA"]
[PlyCount "56"]
[EventDate "2019.10.15"]
[EventType "swiss"]
[EventCountry "RUS"]
[SourceTitle "playchess.com"]
[Source "ChessBase"]
[SourceQuality "1"]

{[%evp 14,56,0,-17,-12,-33,-10,-26,-15,-20,-20,-40,0,-8,0,0,0,-12,0,0,0,0,0,0,0,0,0,-11,0,-124,-124,-124,-124,-339,-336,-363,-362,-476,-480,-464,-460,-628,-595,-819,-819]} 1. e4 c5 2. Nf3 d6 3. Bb5+ Nd7 4. O-O a6 5. Bxd7+ Bxd7 6. d4 cxd4 7. Nxd4 Nf6 8. Re1 Rc8 {B51: Sicilian: Moscow Variation (3 Bb5+) without 3...Bd7} 9. h3 $146 ({Predecessor:} 9. a4) 9... e6 10. a4 Be7 {Black has an edge.} 11. Nc3 O-O 12. Be3 h6 13. a5 Rc4 14. Qd3 Qc8 15. Nb3 Re8 16. Nd2 Rc7 17. Bb6 Rc6 18. Be3 Bd8 19. Nb3 e5 20. Rec1 Be6 21. Nd5 (21. Nd2 $11 {remains equal.}) 21... Nxd5 $17 {[%mdl 64] [#] Overworked Piece} 22. exd5 Bf5 23. dxc6 $2 (23. Qe2 $17 {was worth a try.} Rxc2 24. Rxc2 Qxc2 25. Qxc2 Bxc2 26. Nd2) 23... Bxd3 $19 24. cxd3 bxc6 {[%cal Bb7c6,Bc6c5][%mdl 32]} 25. d4 Qb7 {Black is clearly winning.} 26. Rc3 exd4 27. Bxd4 c5 28. Be3 Bf6 {Accuracy: White = 34%, Black = 49%.} 0-1

[Event "RUS-ch Women Rapid 2019"]
[Site "Sochi"]
[Date "2019.10.16"]
[Round "7.10"]
[White "Belkova, Diana"]
[Black "Vasilevich, Tatjana"]
[Result "0-1"]
[WhiteElo "2030"]
[BlackElo "2265"]
[Annotator "TA"]
[PlyCount "60"]
[EventDate "2019.10.15"]
[EventType "swiss"]
[EventCountry "RUS"]
[SourceTitle "playchess.com"]
[Source "ChessBase"]
[SourceQuality "1"]

{[%evp 11,134,19,47,15,21,-115,0,-26,0,-63,-22,-29,-14,-52,-37,-42,-33,-16,0,-47,-24,-45,-35,-54,-30,-33,0,-22,-34,-81,0,0,8,-38,-52,-95,0,0,359,-157,-153,-146,-146,-147,-152,-343,-160,-157,-169,-156,-83,-81,-81,-83,-83,-83,-83,-83,0,-82,0,-79,-82,-82,-83,-83,-83,-83,-83,-144,-144,-144,-144,-144,-144,-144,-144,-144,-144,-144,-144,-347,-336,-336,-325,-285,-270,-451,-451,-451,-259,-451,-451,-435,-435,-435,-420,-472,-436,-5640,-5640,-5633,-5633,-5431,-5326,-3191,-4833,-4133,-3834,-2626,-1500,-1329,-1083,-5431,-5431,-5350,-5065,-4631,-3502,-5691,-5633,-5429,-5089,-1375,-1141]} 1. e4 c5 2. Nf3 e6 3. d4 cxd4 4. Nxd4 Nc6 5. Be3 Qc7 6. Nc3 a6 7. Qf3 {B48: Sicilian: Taimanov: 5 Nc3 Qc7 6 Be3 a6 without Be2} Nf6 8. g3 $146 (8. Nxc6 $11 bxc6 9. Bf4) ({Predecessor:} 8. O-O-O Ne5 9. Qg3 b5 10. a3 Bb7 11. Bxb5 Rc8 12. Ba4 Nxe4 13. Nxe4 Bxe4 14. Bf4 Qa5 15. Bxe5 Qxa4 {1-0 (66) Vachier Lagrave,M (2778)-Harikrishna,P (2729) Germany 2019}) 8... Be7 (8... Ba3 $17 9. Nd1 (9. bxa3 $2 Ne5 $17 {[%mdl 64] Discovered Attack}) 9... Qa5+ 10. Ke2 Be7 11. Nxc6 bxc6) 9. O-O-O $11 {The position is equal.} O-O 10. Bg2 (10. g4 $1 $11) 10... Ne5 11. Qe2 $1 Nc4 12. Bf4 e5 {White must now prevent ...d6.} 13. Nf5 Ba3 14. bxa3 exf4 15. Ne7+ Kh8 16. Ncd5 Qc5 17. Rd3 b5 $40 {[%mdl 128] Black attacks.} 18. gxf4 Bb7 {Strongly threatening ...Bxd5.} 19. e5 Nxd5 20. Bxd5 Bxd5 (20... Rae8 $17 21. Bxb7 Rxe7) 21. Nxd5 Nxa3 22. Ne3 Rac8 23. Rg1 Qb4 (23... b4 $17) 24. Rb3 Qd4 $2 {[%mdl 8192]} (24... Qa4 $11 {and Black is okay.}) 25. Rd1 $2 ({Only move:} 25. Qg4 $18 {[%csl Gg1][%cal Rg4g7]} g6 26. Rxa3) 25... Qa1+ $17 {[%mdl 64] Double Attack} 26. Kd2 Qxa2 {[%cal Ra3c2]} 27. Qd3 Nc4+ 28. Ke1 $2 (28. Nxc4 $17 {was the only defense.} Rxc4 29. Ra3 Rxc2+ 30. Ke3) 28... Nxe3 (28... Nb2 $1 $19 {[%cal Rb2d3] is more deadly.} 29. Rxb2 Qxb2) 29. fxe3 Rxc2 30. Ra3 {[#]} Qb2 {Played: Rc2-e2} 0-1